[Event "FRA-chT2 0910"]
[Site "France"]
[Date "2009.12.12"]
[Round "5.6"]
[White "Peter, Charles"]
[Black "Simon, Leopold"]
[Result "0-1"]
[WhiteElo "1874"]
[BlackElo "2109"]
[PlyCount "120"]
[EventDate "2009.09.27"]
[EventType "team"]
[EventRounds "11"]
[EventCountry "FRA"]
[Source "ChessBase"]
[SourceDate "2010.03.11"]

1. e4 e6 2. d3 d5 3. Nd2 Nf6 4. Ngf3 dxe4 5. dxe4 Be7 6. Bd3 Nbd7 7. c3 Nc5 8.
Bc2 Nd3+ 9. Bxd3 Qxd3 10. Qe2 Qxe2+ 11. Kxe2 b6 12. b3 Bb7 13. e5 Nd5 14. Nb1
O-O-O 15. a3 c5 16. c4 Nc7 17. Nc3 h6 18. Be3 Rd7 19. Rhd1 Rhd8 20. Rxd7 Rxd7
21. Ra2 Bc6 22. Ne1 Kb7 23. Rd2 Rxd2+ 24. Kxd2 Na6 25. f3 Nb8 26. Bf4 Nd7 27.
Nd3 a6 28. a4 Nf8 29. Ke3 Ng6 30. Bg3 Bg5+ 31. f4 Be7 32. Ne4 Nf8 33. Be1 Nd7
34. g4 b5 35. axb5 axb5 36. Bc3 bxc4 37. bxc4 Ba4 38. Nb2 Bc2 39. Ng3 Nb6 40.
Kd2 Bb1 41. Ke3 Kc6 42. Ne4 Bc2 43. Be1 Bb1 44. h4 Bc2 45. f5 exf5 46. gxf5 Nd7
47. Kf4 Bd8 48. h5 Bc7 49. Bc3 f6 50. Ke3 Bxe5 51. Nd3 Bxc3 52. Nxc3 Nb6 53.
Kd2 Bb3 54. Ne4 Na4 55. Nf4 Bxc4 56. Ne6 Bxe6 57. fxe6 Nb6 58. Kc3 f5 59. Ng3
Nd5+ 60. Kd2 Ne7 0-1

[Event "FRA-chT2 0910"]
[Site "France"]
[Date "2009.12.12"]
[Round "5.6"]
[White "Thorel, Gregoire"]
[Black "Beneteau, Hubert"]
[Result "0-1"]
[WhiteElo "1847"]
[BlackElo "2123"]
[PlyCount "128"]
[EventDate "2009.09.27"]
[EventType "team"]
[EventRounds "11"]
[EventCountry "FRA"]
[Source "ChessBase"]
[SourceDate "2010.03.11"]

1. e4 c5 2. Nf3 e6 3. d4 cxd4 4. Nxd4 Nf6 5. Nc3 Nc6 6. a3 Qc7 7. Ndb5 Qb8 8.
f4 a6 9. Nd4 d5 10. e5 Nd7 11. Be3 h5 12. Be2 g6 13. Bf3 Na5 14. Bf2 b5 15. O-O
Qc7 16. Re1 Nb6 17. a4 b4 18. Na2 Nxa4 19. b3 Nc3 20. Nxc3 bxc3 21. Re3 Bb4 22.
Ne2 Bb7 23. Be1 Rc8 24. Qd3 Qb6 25. Nd4 Nc6 26. Nxc6 Rxc6 27. Be2 Bc5 28. Bf2
Bxe3 29. Bxe3 Qc7 30. Bd4 h4 31. h3 Kf8 32. Bf2 Kg7 33. Qf3 Qe7 34. Bd3 Qd8 35.
Qg4 Bc8 36. Bd4 Qe7 37. Qe2 Bb7 38. Qg4 Rh5 39. Qf3 Qd8 40. Be2 Qc8 41. Qe3 Rh7
42. Bd3 Qc7 43. Rf1 a5 44. f5 exf5 45. Qg5 Kf8 46. Qe3 Ba6 47. Bxa6 Rxa6 48.
Bc5+ Kg7 49. Bd6 Qb6 50. Bc5 Qe6 51. Qxc3 Rc6 52. Qxa5 Rh8 53. b4 Qxe5 54. Qa7
Qc7 55. Bd4+ f6 56. Qa1 Re8 57. c3 Re2 58. Re1 Rce6 59. Rxe2 Rxe2 60. Qd1 Qc4
61. Bf2 g5 62. Bd4 Qa2 63. Qf1 Qd2 64. Kh1 Re1 0-1

[Event "FRA-chT2 0910"]
[Site "France"]
[Date "2009.12.12"]
[Round "5.7"]
[White "Villeseche, Yoann"]
[Black "Degremont, Patrick"]
[Result "1/2-1/2"]
[WhiteElo "1919"]
[BlackElo "1955"]
[PlyCount "145"]
[EventDate "2009.09.27"]
[EventType "team"]
[EventRounds "11"]
[EventCountry "FRA"]
[Source "ChessBase"]
[SourceDate "2010.03.11"]

1. e4 e6 2. d4 d5 3. exd5 exd5 4. Bd3 Bd6 5. Ne2 c6 6. Bf4 Ne7 7. c3 Ng6 8.
Bxd6 Qxd6 9. Qc2 Nd7 10. Nd2 Nf6 11. O-O-O Bd7 12. Ng3 O-O-O 13. Nf5 Bxf5 14.
Bxf5+ Kb8 15. g3 Rde8 16. Rde1 Re7 17. Nf3 Rhe8 18. Rxe7 Rxe7 19. Re1 Nf8 20.
Rxe7 Qxe7 21. Ne5 g6 22. Bh3 Ne8 23. Kd1 f6 24. Nd3 f5 25. Qe2 Qxe2+ 26. Kxe2
Nd7 27. Ke3 Nd6 28. b3 Kc7 29. f3 Nb5 30. Kd2 Kd6 31. a4 Nc7 32. Ke3 Ne6 33.
Nf4 Ndf8 34. Nxe6 Nxe6 35. Bf1 c5 36. Bd3 b6 37. Bc2 cxd4+ 38. cxd4 Nd8 39. h4
Ke6 40. Bd3 Nc6 41. g4 f4+ 42. Kxf4 Nxd4 43. h5 gxh5 44. gxh5 h6 45. b4 Nc6 46.
b5 Ne5 47. Bc2 Kf6 48. Bb3 Nc4 49. Bc2 Nd6 50. Ke3 Ke6 51. Kd4 Ne8 52. Bb3 Nf6
53. Ba2 Kd6 54. Bb3 Nxh5 55. Bxd5 Nf4 56. Ba8 Ne6+ 57. Ke4 Nc5+ 58. Kf5 Nxa4
59. Kg6 Ke5 60. Kxh6 Kf4 61. Kg6 Nc5 62. Kf6 Nb3 63. Ke7 Nd4 64. Kd6 Nxb5+ 65.
Kc6 Nd4+ 66. Kb7 b5 67. Kxa7 b4 68. Bd5 Ke5 69. Ba2 Nxf3 70. Kb6 Kd4 71. Kb5
Kc3 72. Ka4 Nd2 73. Kb5 1/2-1/2

[Event "FRA-chT2 0910"]
[Site "France"]
[Date "2009.12.12"]
[Round "5.8"]
[White "Le Berre, Tennessee"]
[Black "Rascle, Adeline"]
[Result "1-0"]
[WhiteElo "1822"]
[BlackElo "1576"]
[PlyCount "115"]
[EventDate "2009.09.27"]
[EventType "team"]
[EventRounds "11"]
[EventCountry "FRA"]
[Source "ChessBase"]
[SourceDate "2010.03.11"]

1. e4 e5 2. d4 Nc6 3. Nf3 exd4 4. Nxd4 Bc5 5. Be3 Bb6 6. Nf5 Bxe3 7. Nxe3 Nf6
8. Nc3 O-O 9. Bc4 d6 10. O-O Bd7 11. f4 Re8 12. Bd3 Nd4 13. Ned5 Nc6 14. Kh1
Ng4 15. Be2 Qh4 16. Bxg4 Bxg4 17. Qe1 Qd8 18. Qg3 Be6 19. f5 Bxd5 20. f6 g6 21.
exd5 Nd4 22. Qh4 Re5 23. Qxd4 Qf8 24. Qg4 Rd8 25. Rf3 Rde8 26. Rg1 Qh6 27. Qf4
g5 28. Qg4 Rd8 29. Rgf1 Qg6 30. Rf5 Rxf5 31. Qxf5 Qxf5 32. Rxf5 h6 33. Kg1 Kh7
34. Kf2 Kg6 35. Rf3 Re8 36. Nb5 a6 37. Nc3 Re5 38. g4 h5 39. h3 hxg4 40. hxg4
Re8 41. Kg3 Re1 42. Rf2 Re3+ 43. Kg2 Re8 44. Re2 Rxe2+ 45. Nxe2 Kxf6 46. Kf3
Ke5 47. c4 b6 48. Ke3 f5 49. gxf5 Kxf5 50. Kf3 b5 51. b3 b4 52. Nd4+ Ke5 53.
Nc6+ Kf5 54. Nxb4 g4+ 55. Kg3 Ke4 56. Nxa6 Kd4 57. Nxc7 Kc3 58. Ne8 1-0

[Event "FRA-chT2 0910"]
[Site "France"]
[Date "2009.12.12"]
[Round "5.8"]
[White "Marchadour, Emilie"]
[Black "Josse, Anais"]
[Result "1-0"]
[WhiteElo "2063"]
[BlackElo "1530"]
[PlyCount "103"]
[EventDate "2009.09.27"]
[EventType "team"]
[EventRounds "11"]
[EventCountry "FRA"]
[Source "ChessBase"]
[SourceDate "2010.03.11"]

1. e4 e5 2. Nf3 Nc6 3. Bb5 a6 4. Ba4 Nf6 5. O-O Be7 6. Re1 b5 7. Bb3 O-O 8. c3
d6 9. h3 Bb7 10. d4 h6 11. Nbd2 Re8 12. Nf1 Bf8 13. Ng3 Na5 14. Bc2 exd4 15.
cxd4 c5 16. d5 Nc4 17. Nh2 Ne5 18. f4 Ng6 19. Nh5 Nxh5 20. Qxh5 Qh4 21. Qxh4
Nxh4 22. Be3 Ng6 23. Rad1 Be7 24. Nf3 Bf6 25. Bc1 Nf8 26. e5 dxe5 27. fxe5 Bd8
28. Be3 Bb6 29. b4 Rac8 30. Bf5 Rc7 31. d6 Bxf3 32. gxf3 Rc6 33. Be4 Rcc8 34.
d7 Nxd7 35. Rxd7 Rxe5 36. bxc5 Bxc5 37. Bxc5 Rexc5 38. Bd5 R5c7 39. Bxf7+ Kh7
40. Rxc7 Rxc7 41. Bd5 g5 42. Re6 a5 43. Be4+ Kg8 44. Rxh6 Rc1+ 45. Kg2 Ra1 46.
Rb6 Rxa2+ 47. Kg3 Rb2 48. Bc6 b4 49. Ra6 b3 50. Rxa5 Kf8 51. Rb5 Rb1 52. Be4
1-0

[Event "FRA-chT2 0910"]
[Site "France"]
[Date "2009.12.12"]
[Round "5.8"]
[White "Millet, Maud"]
[Black "Chabradze, Elise"]
[Result "1-0"]
[WhiteElo "1960"]
[BlackElo "1770"]
[PlyCount "131"]
[EventDate "2009.09.27"]
[EventType "team"]
[EventRounds "11"]
[EventCountry "FRA"]
[Source "ChessBase"]
[SourceDate "2010.03.11"]

1. d4 d5 2. c4 c6 3. cxd5 cxd5 4. Nc3 Nf6 5. Nf3 Bf5 6. Bf4 Nc6 7. Qb3 Na5 8.
Qa4+ Bd7 9. Qc2 Rc8 10. e3 e6 11. Bd3 Nc4 12. O-O Nd6 13. Rac1 Nfe4 14. Qb1 f5
15. Bxe4 fxe4 16. Ne5 Nc4 17. Nxc4 Rxc4 18. Rc2 Be7 19. f3 exf3 20. Rxf3 O-O
21. Rcf2 Be8 22. Bg5 Rxf3 23. Bxe7 Qxe7 24. Rxf3 Rc8 25. Qe1 Bh5 26. Rf2 a6 27.
Na4 Bg6 28. a3 e5 29. Nb6 Rd8 30. Qc3 exd4 31. exd4 Be4 32. Na4 Qe8 33. Nc5 Rc8
34. Qe3 Rc7 35. Qb3 h6 36. Re2 Qf7 37. Qe3 Rc8 38. Nxe4 dxe4 39. Qxe4 Rf8 40.
Qe6 Qxe6 41. Rxe6 Rd8 42. Re4 Kf7 43. Kf2 Kf6 44. Ke3 Rd5 45. Kd3 b5 46. b4 h5
47. h4 g5 48. g3 Rf5 49. Ke2 Rd5 50. hxg5+ Rxg5 51. Kf3 Rd5 52. Kg2 Rg5 53. Kh3
Rd5 54. Kg2 Kf5 55. Kf3 Kf6 56. Rf4+ Ke6 57. g4 Rg5 58. gxh5 Rxh5 59. Ke4 Rh3
60. d5+ Ke7 61. Rf3 Rh4+ 62. Ke5 Rh5+ 63. Kd4 Rh4+ 64. Kc5 Rh6 65. Re3+ Kd7 66.
Re6 1-0

[Event "FRA-chT2 0910"]
[Site "France"]
[Date "2009.12.13"]
[Round "6.1"]
[White "Grafl, Florian"]
[Black "Gollain, Marc"]
[Result "1/2-1/2"]
[WhiteElo "2428"]
[BlackElo "2181"]
[PlyCount "113"]
[EventDate "2009.09.27"]
[EventType "team"]
[EventRounds "11"]
[EventCountry "FRA"]
[Source "ChessBase"]
[SourceDate "2010.03.11"]

1. f4 e5 2. fxe5 Nc6 3. Nc3 d5 4. Nf3 d4 5. Ne4 Qd5 6. Nf2 Nxe5 7. Nxe5 Qxe5 8.
c3 c5 9. Qb3 Nf6 10. Qb5+ Nd7 11. cxd4 cxd4 12. Qxe5+ Nxe5 13. g3 Bd7 14. Bg2
Bc6 15. Bxc6+ Nxc6 16. b3 Bd6 17. Bb2 O-O-O 18. Rc1 Kb8 19. Rc4 Be5 20. b4 a6
21. Nd3 Rhe8 22. Kf2 Bf6 23. Re1 Rd5 24. Rc5 Nxb4 25. Rxd5 Nxd5 26. Rc1 Ne7 27.
Nc5 Rd8 28. Ba3 Nd5 29. Rb1 b6 30. Nxa6+ Ka7 31. Nb4 Nxb4 32. Bxb4 Rc8 33. a3
Re8 34. Kf3 Re6 35. a4 Kb7 36. Rb3 Kc6 37. Ba3 Re8 38. d3 Re3+ 39. Kf2 Re5 40.
Bb2 Rf5+ 41. Kg2 Rd5 42. Rb4 Rd7 43. Kf3 Rd6 44. Ke4 Re6+ 45. Kf3 Rd6 46. Rb5
Re6 47. Ba1 Re3+ 48. Kf2 Re6 49. Rb4 Rd6 50. Kf3 Kc7 51. Rc4+ Kd7 52. Bb2 Rd5
53. Rb4 Kc6 54. Rc4+ Kd7 55. Rb4 Kc6 56. Rc4+ Kd7 57. Rb4 1/2-1/2

[Event "FRA-chT2 0910"]
[Site "France"]
[Date "2009.12.13"]
[Round "6.1"]
[White "Maatoug, Redwan"]
[Black "Fedorchuk, Sergey A"]
[Result "0-1"]
[WhiteElo "2214"]
[BlackElo "2643"]
[PlyCount "70"]
[EventDate "2009.09.27"]
[EventType "team"]
[EventRounds "11"]
[EventCountry "FRA"]
[Source "ChessBase"]
[SourceDate "2010.03.11"]
[BlackTeam "Meaux"]

1. Nf3 Nf6 2. g3 b5 3. Bg2 Bb7 4. O-O e6 5. d3 Be7 6. e4 d6 7. a4 b4 8. c3 bxc3
9. bxc3 Nbd7 10. h3 c5 11. Na3 O-O 12. Be3 Rb8 13. Qc2 Qa5 14. Nc4 Qa6 15. Ncd2
Bc6 16. Rfc1 Rfc8 17. g4 h6 18. Bf1 Qa5 19. Nc4 Qd8 20. Bf4 Ne8 21. Bg2 Nf8 22.
Bg3 Ng6 23. Kh2 Rb7 24. Ra2 Bf6 25. Ne3 Be5 26. Bh1 Bf4 27. h4 Qf6 28. h5 Ne5
29. Nxe5 Bxe5 30. Kh3 Bxc3 31. Rf1 Bd4 32. Nc4 Qd8 33. f4 Rcb8 34. f5 Rb3 35.
fxe6 fxe6 0-1

[Event "FRA-chT2 0910"]
[Site "France"]
[Date "2009.12.13"]
[Round "6.1"]
[White "Saiboulatov, Danial"]
[Black "Dionisi, Thomas"]
[Result "1-0"]
[WhiteElo "2391"]
[BlackElo "2105"]
[PlyCount "105"]
[EventDate "2009.09.27"]
[EventType "team"]
[EventRounds "11"]
[EventCountry "FRA"]
[Source "ChessBase"]
[SourceDate "2010.03.11"]

1. e4 c5 2. Nf3 Nc6 3. Nc3 e5 4. Bc4 d6 5. d3 Be7 6. Nd2 Nf6 7. Nf1 Bg4 8. f3
Be6 9. Ne3 O-O 10. O-O Nh5 11. g3 Bh3 12. Rf2 g6 13. Ned5 Bg5 14. Bxg5 Qxg5 15.
Qc1 Qxc1+ 16. Rxc1 Kg7 17. g4 Nf4 18. Kh1 g5 19. Rg1 h5 20. Nd1 Rh8 21. N1e3
Nxd5 22. Bxd5 Ne7 23. Rg3 h4 24. Rg1 Kf6 25. Bxb7 Rab8 26. Bd5 Rhd8 27. Bb3 Ng6
28. Nd5+ Kg7 29. Rc1 Nf4 30. Nxf4 exf4 31. c3 Kf6 32. Kg1 Ke7 33. Rd2 f6 34.
Kf2 a5 35. d4 Rbc8 36. dxc5 dxc5 37. Rxd8 Rxd8 38. Rd1 Rb8 39. Rd2 Rb6 40. Bd1
Ke6 41. a4 Rd6 42. Bb3+ Ke7 43. Rxd6 Kxd6 44. Bc4 Kc6 45. b3 Kd6 46. Bb5 Kc7
47. Bf1 Bxf1 48. Kxf1 Kd6 49. Ke2 Kc6 50. Kd3 Kd6 51. Kc4 Kc6 52. b4 cxb4 53.
cxb4 1-0

[Event "FRA-chT2 0910"]
[Site "France"]
[Date "2009.12.13"]
[Round "6.2"]
[White "Filipovic, Branko"]
[Black "Syska, Albert"]
[Result "1/2-1/2"]
[WhiteElo "2444"]
[BlackElo "2251"]
[PlyCount "103"]
[EventDate "2009.09.27"]
[EventType "team"]
[EventRounds "11"]
[EventCountry "FRA"]
[Source "ChessBase"]
[SourceDate "2010.03.11"]

1. e4 c5 2. Nf3 d6 3. d4 cxd4 4. Qxd4 Bd7 5. c4 Nc6 6. Qe3 Nf6 7. h3 Nb4 8. Qb3
Na6 9. Nc3 Nc5 10. Qc2 Bc6 11. Bd3 g6 12. Nd4 Bg7 13. Nxc6 Nxd3+ 14. Qxd3 bxc6
15. O-O Rb8 16. Rb1 Nd7 17. b3 Nc5 18. Qc2 O-O 19. Bb2 a5 20. Rfd1 Qc8 21. Ne2
Bxb2 22. Rxb2 Ne6 23. Qc3 Qc7 24. Rd3 Nc5 25. Re3 e5 26. f4 exf4 27. Nxf4 Nd7
28. Rf2 Ne5 29. c5 dxc5 30. Qxc5 Qb6 31. Qc3 Rfe8 32. Kh2 Rbd8 33. Rf1 Qb4 34.
Rf2 Rd4 35. Rfe2 Red8 36. Qb2 Qd6 37. Rg3 f6 38. Nd5 Rd3 39. Ne3 Rd2 40. Qxd2
Qxd2 41. Rxd2 Rxd2 42. Ng4 Nxg4+ 43. hxg4 Rxa2 44. Rc3 a4 45. bxa4 Rxa4 46.
Rxc6 Kg7 47. Rc7+ Kh6 48. Re7 Kg5 49. Kh3 h6 50. g3 Ra5 51. Rd7 Re5 52. Rd4
1/2-1/2

[Event "FRA-chT2 0910"]
[Site "France"]
[Date "2009.12.13"]
[Round "6.2"]
[White "Foisor, Cristina Adela B"]
[Black "Mensch, Etienne"]
[Result "1-0"]
[WhiteElo "2435"]
[BlackElo "2372"]
[PlyCount "153"]
[EventDate "2009.09.27"]
[EventType "team"]
[EventRounds "11"]
[EventCountry "FRA"]
[Source "ChessBase"]
[SourceDate "2010.03.11"]

1. Nf3 Nf6 2. g3 g6 3. Bg2 Bg7 4. O-O O-O 5. c4 c5 6. Nc3 Nc6 7. d4 cxd4 8.
Nxd4 Nxd4 9. Qxd4 d6 10. Bg5 Be6 11. Qd3 Qa5 12. Nd5 Bxd5 13. cxd5 Rac8 14. e4
Rfe8 15. Bd2 Qa4 16. b3 Qa3 17. Bh3 Rc7 18. Rac1 Rxc1 19. Bxc1 Qxa2 20. Be3 Qa5
21. f3 h5 22. Qc4 a6 23. Qa4 Qxa4 24. bxa4 b5 25. a5 b4 26. Rb1 Rb8 27. Bb6 g5
28. Rxb4 g4 29. fxg4 hxg4 30. Bf1 Nd7 31. Kg2 Bc3 32. Rc4 Nxb6 33. Rxc3 Na4 34.
Rc7 Rb2+ 35. Kg1 Kf8 36. Bxa6 Nc5 37. Bc4 Nxe4 38. a6 Rb1+ 39. Kg2 Rb2+ 40. Kf1
Nd2+ 41. Ke1 Nxc4 42. Rc8+ Kg7 43. Rxc4 Ra2 44. Rxg4+ Kf6 45. h4 Rxa6 46. Kf2
Ra2+ 47. Kf3 Ra3+ 48. Kg2 Ra2+ 49. Kh3 Rd2 50. Rc4 e5 51. dxe6 fxe6 52. Rc8 e5
53. h5 Kf7 54. Ra8 e4 55. g4 e3 56. Kg3 Rd1 57. Kf3 Rg1 58. Ra4 Kf6 59. Rf4+
Kg5 60. Rf5+ Kh4 61. h6 Rg3+ 62. Ke2 Kxg4 63. Rh5 Kxh5 64. h7 Kg6 65. h8=Q Kf7
66. Qh4 Rg6 67. Qh7+ Rg7 68. Qf5+ Ke7 69. Kxe3 Rf7 70. Qh3 Kd8 71. Kd4 Kc7 72.
Kd5 Re7 73. Qc3+ Kd7 74. Qc6+ Kd8 75. Qb6+ Kc8 76. Qa6+ Kd7 77. Qxd6+ 1-0

[Event "FRA-chT2 0910"]
[Site "France"]
[Date "2009.12.13"]
[Round "6.3"]
[White "Ollier, Pablo"]
[Black "Navarrete Delgado, Sergio"]
[Result "1/2-1/2"]
[WhiteElo "2259"]
[BlackElo "2241"]
[PlyCount "105"]
[EventDate "2009.09.27"]
[EventType "team"]
[EventRounds "11"]
[EventCountry "FRA"]
[Source "ChessBase"]
[SourceDate "2010.03.11"]

1. d4 d5 2. c4 c6 3. cxd5 cxd5 4. Nf3 Nf6 5. Nc3 Nc6 6. Bf4 a6 7. Rc1 Bf5 8. e3
e6 9. Qb3 Qd7 10. Be2 Bb4 11. O-O Bxc3 12. bxc3 Ne4 13. c4 O-O 14. cxd5 Qxd5
15. Qxd5 exd5 16. Ne5 Nxe5 17. Bxe5 Rfc8 18. Bc7 b5 19. Ba5 Nd6 20. Bb4 Nc4 21.
Bf3 Rd8 22. Rfe1 Bg6 23. a4 Nb2 24. Ba5 Rd7 25. Rc6 bxa4 26. Rec1 h6 27. Bc3 a3
28. Ra1 Na4 29. Rxa3 Nxc3 30. Raxc3 Be4 31. Ra3 Rb7 32. h3 Bxf3 33. gxf3 a5 34.
Rc5 a4 35. Rxd5 Rb4 36. Rd7 Ra6 37. f4 Rg6+ 38. Kf1 Rb1+ 39. Ke2 Rg2 40. Kf3
Rh2 41. Rxa4 Rb2 42. Ra8+ Kh7 43. Rxf7 Rbxf2+ 44. Ke4 Rxh3 45. f5 h5 46. Rff8
Kh6 47. Ra6+ Kh7 48. d5 Re2 49. Ra3 Rd2 50. Ke5 Re2 51. Kd4 Rh4+ 52. Ke5 Rh3
53. Ke4 1/2-1/2

[Event "FRA-chT2 0910"]
[Site "France"]
[Date "2009.12.13"]
[Round "6.3"]
[White "Prevot, Jean Luc"]
[Black "Gaudineau, Eric"]
[Result "0-1"]
[WhiteElo "2096"]
[BlackElo "2333"]
[PlyCount "148"]
[EventDate "2009.09.27"]
[EventType "team"]
[EventRounds "11"]
[EventCountry "FRA"]
[Source "ChessBase"]
[SourceDate "2010.03.11"]

1. Nf3 Nf6 2. g3 d5 3. b3 Bf5 4. Bb2 e6 5. Bg2 h6 6. c4 c6 7. O-O Bd6 8. d3 O-O
9. Nbd2 Bh7 10. Qc2 Nbd7 11. Rad1 e5 12. e4 d4 13. Nh4 a5 14. Bh3 Nc5 15. Nf5
Ne6 16. Nf3 Bxf5 17. Bxf5 Qe7 18. Bc1 Nh7 19. Nh4 Nhg5 20. Qe2 g6 21. Bxe6 Qxe6
22. f4 exf4 23. gxf4 Nh3+ 24. Kg2 Be7 25. f5 Qf6 26. Nf3 Ng5 27. Nxg5 hxg5 28.
e5 Qh8 29. f6 Bb4 30. Bxg5 Rfe8 31. Rf4 Qh5 32. Qxh5 gxh5 33. Re4 a4 34. Kh3
Kh7 35. Kh4 axb3 36. axb3 Kg6 37. Bf4 Ra3 38. Rg1+ Kf5 39. Rxd4 Rxb3 40. Rg5+
Ke6 41. Kxh5 Bc5 42. Re4 Rxd3 43. Kg4 b5 44. cxb5 cxb5 45. Re2 b4 46. Ra2 Ra3
47. Rc2 Ra5 48. Rb2 Rb8 49. Bd2 Ra4 50. Kh3 Bd4 51. Rb3 Bxe5 52. Rg4 Rh8+ 53.
Rh4 Ra3 54. Rxh8 Rxb3+ 55. Kg4 Kxf6 56. Rh6+ Ke7 57. Rb6 Bd6 58. Bg5+ Kd7 59.
Rb7+ Ke6 60. Bf4 f5+ 61. Kg5 Bxf4+ 62. Kxf4 Rh3 63. Rb6+ Kd5 64. Kxf5 Kc5 65.
Rb8 Kc4 66. Ke4 Kc3 67. Rf8 b3 68. Rc8+ Kd2 69. Rb8 Kc2 70. Rc8+ Rc3 71. Rb8 b2
72. Kf5 Rb3 73. Rc8+ Kd2 74. Rd8+ Ke2 0-1

[Event "FRA-chT2 0910"]
[Site "France"]
[Date "2009.12.13"]
[Round "6.3"]
[White "Velasco, Santiago"]
[Black "Gladyszev, Oleg"]
[Result "1/2-1/2"]
[WhiteElo "2279"]
[BlackElo "2472"]
[PlyCount "99"]
[EventDate "2009.09.27"]
[EventType "team"]
[EventRounds "11"]
[EventCountry "FRA"]
[Source "ChessBase"]
[SourceDate "2010.03.11"]

1. e4 c5 2. Nf3 Nc6 3. d4 cxd4 4. Nxd4 Nf6 5. Nc3 e5 6. Ndb5 d6 7. Bg5 a6 8.
Na3 b5 9. Nd5 Be7 10. Bxf6 Bxf6 11. c4 b4 12. Nc2 a5 13. Be2 O-O 14. O-O Bg5
15. Qd3 Ne7 16. Rad1 Bb7 17. Nce3 Nxd5 18. Nxd5 Qb8 19. Bf3 Bxd5 20. Qxd5 Be7
21. Bg4 Qc7 22. g3 a4 23. h4 b3 24. a3 Ra5 25. Qd3 Rc5 26. Rc1 Rb8 27. Rfd1 Rb6
28. Qe3 Rbc6 29. Be2 Bd8 30. Rd2 Qe7 31. Rcd1 Bb6 32. Qg5 Kf8 33. Qxe7+ Kxe7
34. Kf1 Ra5 35. Bd3 Bd4 36. Ke2 Kd8 37. Rh1 Ra7 38. h5 h6 39. f4 Ke7 40. Kf3
exf4 41. gxf4 Ra8 42. Be2 Bf6 43. Ke3 Rc5 44. Rg1 Kf8 45. Rh1 Bd8 46. Bd3 Bb6
47. Kf3 Raa5 48. Be2 Ke7 49. Bd3 Rc6 50. Kg4 1/2-1/2

[Event "FRA-chT2 0910"]
[Site "France"]
[Date "2009.12.13"]
[Round "6.4"]
[White "Fortuit, Nicolas"]
[Black "Marciniak, Alexandre"]
[Result "1/2-1/2"]
[WhiteElo "2116"]
[BlackElo "2129"]
[PlyCount "99"]
[EventDate "2009.09.27"]
[EventType "team"]
[EventRounds "11"]
[EventCountry "FRA"]
[Source "ChessBase"]
[SourceDate "2010.03.11"]

1. e4 c5 2. Nf3 Nc6 3. Nc3 d6 4. d4 cxd4 5. Nxd4 e5 6. Ndb5 a6 7. Na3 Be7 8.
Nd5 Nf6 9. Nxf6+ Bxf6 10. Bc4 O-O 11. O-O Be6 12. Be3 Rc8 13. Bxe6 fxe6 14. c4
Rf7 15. Qg4 Qe8 16. Rfd1 Nd4 17. Rd3 b5 18. cxb5 axb5 19. Bxd4 exd4 20. Rb3 Rc5
21. Qe2 Rb7 22. g3 Qc6 23. Rd1 b4 24. Nb1 Qa4 25. Qg4 Kf7 26. Qf3 Rbc7 27. Kg2
Ke7 28. Nd2 Rc2 29. Qh5 h6 30. Nf3 Qxa2 31. Rxb4 Rxb2 32. Rxb2 Qxb2 33. e5 dxe5
34. Nxe5 Kf8 35. Rd3 Qb7+ 36. Kh3 Qe4 37. Ng6+ Kg8 38. Rf3 Rc5 39. Qxc5 Qxf3
40. Qc8+ Kf7 41. Nh8+ Ke7 42. Qc7+ Ke8 43. Qc8+ Ke7 44. Ng6+ Kd6 45. Nf4 Qe4
46. Qb8+ Kd7 47. Qa7+ Kd6 48. Qa3+ Kd7 49. Qa7+ Kd6 50. Qa3+ 1/2-1/2

[Event "FRA-chT2 0910"]
[Site "France"]
[Date "2009.12.13"]
[Round "6.4"]
[White "Giacomini, Hector"]
[Black "Amoyal, Pierre"]
[Result "1-0"]
[WhiteElo "2257"]
[BlackElo "2213"]
[PlyCount "119"]
[EventDate "2009.09.27"]
[EventType "team"]
[EventRounds "11"]
[EventCountry "FRA"]
[Source "ChessBase"]
[SourceDate "2010.03.11"]

1. d4 Nf6 2. Nf3 g6 3. g3 Bg7 4. Bg2 O-O 5. O-O d6 6. b3 c5 7. c4 Nc6 8. Bb2
Bf5 9. Nc3 Qc8 10. Re1 Re8 11. d5 Nb4 12. Nh4 Bg4 13. Qd2 Na6 14. e4 Bh3 15. e5
dxe5 16. Rxe5 Bxg2 17. Nxg2 Qh3 18. Nf4 Qh6 19. Re2 Ng4 20. h3 Ne5 21. Kg2 Nb4
22. Nb5 g5 23. Bxe5 Bxe5 24. Rxe5 gxf4 25. Qxf4 Qxf4 26. gxf4 Kh8 27. Nc7 Rg8+
28. Kf3 Rad8 29. Rxe7 Nc2 30. Rd1 Rgf8 31. Nb5 a6 32. Nc3 Nd4+ 33. Ke4 Rfe8 34.
Rxe8+ Rxe8+ 35. Kd3 b5 36. Ne4 bxc4+ 37. bxc4 Ne2 38. Kxe2 Rxe4+ 39. Kf3 Re8
40. Rb1 f5 41. Rb6 Re4 42. d6 Kg7 43. Rxa6 Rxc4 44. d7 Rd4 45. Rc6 Rd3+ 46. Ke2
Rxd7 47. Rxc5 Kf6 48. Rc6+ Kf7 49. Rc4 Kg6 50. a4 Kh5 51. Rc3 Rd4 52. Ra3 Rxf4
53. a5 Re4+ 54. Kf3 Kg5 55. a6 Re8 56. a7 Ra8 57. Ra6 h5 58. Kg3 f4+ 59. Kf3
Kh4 60. Ra5 1-0

[Event "FRA-chT2 0910"]
[Site "France"]
[Date "2009.12.13"]
[Round "6.4"]
[White "Hameau, Cyril"]
[Black "Masztalir, Matthieu"]
[Result "1-0"]
[WhiteElo "2038"]
[BlackElo "2008"]
[PlyCount "115"]
[EventDate "2009.09.27"]
[EventType "team"]
[EventRounds "11"]
[EventCountry "FRA"]
[Source "ChessBase"]
[SourceDate "2010.03.11"]

1. d4 Nf6 2. Bg5 d5 3. e3 e6 4. c4 c6 5. Nc3 Bb4 6. Qc2 O-O 7. Bd3 h6 8. Bh4
Nbd7 9. Nf3 a6 10. O-O Be7 11. Rfe1 dxc4 12. Bxc4 b5 13. Bb3 Bb7 14. Rad1 Rc8
15. Qe2 c5 16. dxc5 Rxc5 17. Nd4 Qb6 18. f3 Re8 19. Bf2 Rcc8 20. e4 Bc5 21. e5
Nd5 22. Nxd5 exd5 23. f4 g6 24. Qg4 Nf8 25. f5 Kh7 26. Rd3 gxf5 27. Qxf5+ Qg6
28. Rg3 Qxf5 29. Nxf5 Ng6 30. Bxc5 Rxc5 31. Nd6 Re7 32. e6 fxe6 33. Nxb7 Rxb7
34. Rxe6 Rc1+ 35. Kf2 Rf7+ 36. Rf3 Rxf3+ 37. Kxf3 Nh4+ 38. Kf2 a5 39. Bxd5 Rc2+
40. Re2 Rxe2+ 41. Kxe2 Kg7 42. Kd3 Nf5 43. Bc6 b4 44. g4 Nd6 45. Kd4 Kf6 46. h4
Ke6 47. Bd5+ Kf6 48. Kc5 Ke5 49. g5 hxg5 50. hxg5 a4 51. g6 Nf5 52. Bf7 b3 53.
axb3 axb3 54. Bxb3 Kf6 55. Bf7 Ke7 56. b4 Kd7 57. Kb6 Kd6 58. b5 1-0

[Event "FRA-chT2 0910"]
[Site "France"]
[Date "2009.12.13"]
[Round "6.4"]
[White "Maillot, Fabien"]
[Black "Kieffer, Christian"]
[Result "1-0"]
[WhiteElo "2055"]
[BlackElo "2120"]
[PlyCount "105"]
[EventDate "2009.09.27"]
[EventType "team"]
[EventRounds "11"]
[EventCountry "FRA"]
[Source "ChessBase"]
[SourceDate "2010.03.11"]

1. b3 c5 2. Bb2 d6 3. e3 Nd7 4. d4 e6 5. Nf3 Ngf6 6. Bd3 Be7 7. O-O O-O 8. c4
b6 9. Nc3 Bb7 10. d5 exd5 11. cxd5 a6 12. a4 g6 13. e4 Nh5 14. Re1 Bf6 15. Bf1
Ne5 16. Ra2 Qd7 17. Bc1 Nxf3+ 18. Qxf3 Be5 19. Ne2 f5 20. Qh3 Bc8 21. f4 Bg7
22. Ng3 Bd4+ 23. Kh1 fxe4 24. Qxd7 Nxg3+ 25. hxg3 Bxd7 26. Rxe4 Bf5 27. Re7 Bb1
28. Rae2 Bd3 29. Re1 Bxf1 30. Rxf1 Rf5 31. g4 Rxd5 32. f5 gxf5 33. gxf5 Rf8 34.
g4 h5 35. Bh6 Rf7 36. Rxf7 Kxf7 37. g5 Bh8 38. f6 Rd4 39. g6+ Kxg6 40. f7 Rh4+
41. Kg2 Rg4+ 42. Kh3 Be5 43. Rf3 Rg3+ 44. Rxg3+ Kxf7 45. Bf4 Bxf4 46. Rf3 b5
47. Rxf4+ Ke6 48. axb5 axb5 49. Kg3 d5 50. Kf3 Ke5 51. Rh4 c4 52. bxc4 dxc4 53.
Ke3 1-0